The Idiot / (Record no. 16932)
[ view plain ]
| 000 -LEADER | |
|---|---|
| fixed length control field | 00263nam a22001217a 4500 |
| 003 - CONTROL NUMBER IDENTIFIER | |
| control field | OSt |
| 008 - FIXED-LENGTH DATA ELEMENTS--GENERAL INFORMATION | |
| fixed length control field | 210127b ||||| |||| 00| 0 eng d |
| 041 ## - LANGUAGE CODE | |
| Language code of text/sound track or separate title | eng |
| 082 ## - DEWEY DECIMAL CLASSIFICATION NUMBER | |
| Classification number | 891.7 |
| Item number | DOS/ID |
| 100 ## - MAIN ENTRY--AUTHOR NAME | |
| Personal name | Dostoyovsky, Fyodor |
| 245 ## - TITLE STATEMENT | |
| Title | The Idiot / |
| 942 ## - ADDED ENTRY ELEMENTS (KOHA) | |
| Koha item type | Books |
| Withdrawn status | Lost status | Damaged status | Home library | Current library | Date acquired | Full call number | Accession Number | Koha item type |
|---|---|---|---|---|---|---|---|---|
| KAUAET | KAUAET | 27/01/2021 | 891.7 DOS/ID | 4363 | Books | |||
| Withdrawn | KAUAET | Sanskrit University | 28/01/2021 | 891.7 DOS/ID | 4766 | Books |
